00537nam a2200181Ia 4500003000900000008004100009020001800050040001600068080001600084100001900100245011500119260003600234300001000270650001900280650002300299650001100322650002200333IN-BaIIA211028s9999 xx 000 0 eng d a0-471-49531-X cIIA Library a539.23bKNI aKnittl, Zdenek 0aOptics of thin filmsban optical multilayer theorycZdenek Knittl  aLondonbJohn Wiley & Sonsc1976 a548p. aNASA Thesaurus aOptical properties aOptics aThin film physics